MARC

LEADER 00000cam a2200000 7i4500
001 0000022826
005 20101214.0
008 100816 my a may
040 |a INS 
090 0 0 |a M264 
110 1 |a Kursus asas pengurusan latihan ( OJT Cawangan ) ,   |d 2010 22 - 24 Februari   |c INSPEN, Bangi 
245 0 0 |a Kursus asas pengurusan latihan ( OJT Cawangan ) :   |b 22 - 24 Februari 2010   |c Anjuran Pusat Pengurusan dan Teknologi Maklumat, INSPEN 
260 |a Bangi :   |b Institut Penilaian Negara ,   |c 2010 
300 |a 1v. (Various paging ) :   |b ill. ;   |c 30 cm. 
650 0 |a Employees, Training of 
650 0 |a Occupational training 
710 1 |a INSPEN ( Institut Penilaian Negara ) 
856 |u http://app.inspen.gov.my:7779/pls/portal/docs/PAGE/CORPORATEPAGES/PORTAL_INSPEN/NOTA_KURSUS/MANAGEMENT/32%20KURSUS%20ASAS%20PENGURUSAN%20LATIHAN%20(OJT%20CAWANGAN).PDF 
999 |a M000000585   |b BOOK   |c Course Notes   |e Default branch 
999 |a M000000586   |b BOOK   |c Course Notes   |e Default branch 
999 |a M000000628   |b BOOK   |c Course Notes   |e Default branch